Gothic I i II zbroje - Statystyki

Ogólne statystyki
  • Ten quiz został rozwiązany 120 razy
    114 od ostatniego zresetowania
  • Średni wynik to 19 z 87
Statystyki odpowiedzi
Część gry Cena Nazwa % Poprawnych
1 500 Spodnie Kopacza
80%
1 1650 Zbroja Strażnika
78%
1 1200 Zbroja Cienia
62%
2 20000 Pancerz paladyna
59%
2 500 Szata Maga Ognia
59%
1 2100 Ciężka Zbroja Strażnika
58%
2 450 Szata Maga Wody
54%
1 1650 Zbroja Najemnika
48%
2 5000 Pancerz rycerza
46%
2 250 Skórzany pancerz
46%
1 2100 Ciężka Zbroja Najemnika
42%
2 120 Strój obywatela
42%
1 1350 Lekka Zbroja Strażnika
41%
2 280 Szata nowicjusza
41%
2 20000 Ciężki pancerz łowcy smoków
40%
2 500 Lekki pancerz najemnika
40%
2 1300 Zbroja magnata
40%
1 1350 Lekka Zbroja Najemnika
38%
2 3000 Lekki pancerz łowcy smoków
37%
2 12000 Średni pancerz łowcy smoków
33%
1 750 Strój Cienia
33%
2 2500 Ciężki pancerz najemnika
31%
2 600 Lekki pancerz straży
31%
1 500 Przepaska Nowicjusza
31%
1 1200 Szata Ognia
31%
2 2500 Ciężki pancerz straży
30%
1 250 Lekkie Spodnie Kopacza
28%
1 750 Strój Szkodnika
28%
2 1300 Zbroja Kruka
27%
1 1950 Szata Wody
26%
2 1000 Średni pancerz najemnika
25%
1 1600 Szata Guru
23%
1 2100 Zbroja Nowicjusza
22%
1/2 2700/1500 Zbroja z pancerzy pełzaczy
22%
1 1050 Ciężki strój Szkodnika
21%
1 250 Strój Kopacza
21%
1 250 Lekki strój Szkodnika
20%
2 15000 Magiczna zbroja
20%
2 - Magiczna zbroja
20%
2 3000 Ciężka szata ognia
19%
2 - Strój kowala
19%
2 - Strój obywatela 2
17%
2 - Strój obywatela 3
17%
2 1300 Zbroja Wodnego Kręgu
17%
1 2550 Pancerz Gomeza
16%
2 550 Średni pancerz bandyty
15%
1 2100 Zdobiona Szata Ognia
15%
2 2100 Ciężki pancerz bandyty
14%
2 - Strój obywatela 1
14%
2 1300 Zbroja strażnika Kruka
14%
1 2100 Zdobiona Szata Wody
14%
2 1300 Piracka zbroja
12%
1 2700 Szata Mrocznych Sztuk
12%
1 2100 Zdobiona Szata Guru
12%
1 1650 Ciężka Zbroja Świątynna
11%
1 1200 Lekka Zbroja Świątynna
11%
1 1350 Zbroja Świątynna
11%
2 10 Łachy skazańca
10%
1 750 Lekka Zbroja Nowicjusza
10%
2 - Stara zbroja
10%
2 80 Strój farmera 1
10%
2 100 Strój farmera 2
10%
1/2 600/- Szata Sędziego
10%
1 5700 Wzmocniona zbroja magiczna
9%
2 450 Pancerz Diego
7%
2 300 Szata Lestera
7%
2 15000 Szata Mrocznej Magii
7%
1 2400 Starożytna zbroja magiczna
6%
2 - strój obywatelki 1
6%
2 - strój obywatelki 2
6%
2 - strój obywatelki 3
6%
2 - Kobiecy pancerz łowcy smoków
5%
2 1300 Lekka toga Maga Wody
5%
2 500 Mroczny płaszcz
5%
2 1300 Zbroja Bloodwyna
5%
2 1300 Zniszczona zbroja
5%
1 2400 Ciężki pancerz Magnata
4%
2 1100 Kaftan gubernatora
4%
2 600 Pancerz Cor Angara
4%
1 1500 Pancerz Straży królewskiej
4%
2 1100 Pirackie ubranie
4%
2 - Strój ziemianina
4%
1 2160 Ozdobna Szata
2%
2 1500 Ubranie kapitana
2%
2 - Suknia farmerki 1
1%
2 - Suknia farmerki 2
1%
2 - Stara zbroja rycerska
0%
Nie znaleziono quizów pasujących do podanych kryteriów
Rozkład punktacji
Procent ludzi z każdym wynikiem
Percentyl według liczby udzielonych odpowiedzi
Twoja historia wyników
Nie rozwiązałeś tego quizu od ostatniego zresetowania